Loading...
| Science - Chemistry | 0 | 6 | 2 | 1 | 50 | 41 | 70.17 | 2 | 5 | 0.00 | 0.00 |
| Literature - American | 0 | 4 | 0 | 2 | 40 | 107 | 126.75 | 0 | 1 | 0.00 | 0.00 |
| Science - Physics | 0 | 4 | 2 | 0 | 30 | 58 | 83.75 | 2 | 3 | 0.00 | 0.00 |
| Science - Biology | 0 | 4 | 2 | 0 | 30 | 52 | 73.50 | 2 | 4 | 0.00 | 0.00 |
| Literature - European | 0 | 2 | 0 | 0 | 20 | 108 | 112.00 | 0 | 0 | 0.00 | 0.00 |
| Literature - British | 0 | 2 | 1 | 0 | 15 | 49 | 86.00 | 1 | 1 | 0.00 | 0.00 |
| Mythology | 0 | 2 | 1 | 0 | 15 | 41 | 47.00 | 0 | 2 | 0.00 | 0.00 |
| History - World | 0 | 1 | 0 | 0 | 10 | 72 | 72.00 | 0 | 0 | 0.00 | 0.00 |
| Fine Arts - Classical Music | 0 | 1 | 0 | 1 | 10 | 122 | 122.00 | 0 | 0 | 0.00 | 0.00 |
| Philosophy | 0 | 1 | 0 | 0 | 10 | 102 | 102.00 | 0 | 1 | 0.00 | 0.00 |
| Geography/Current Events | 0 | 1 | 1 | 0 | 5 | 71 | 71.00 | 0 | 1 | 0.00 | 0.00 |
| Science - Other | 0 | 1 | 1 | 0 | 5 | 95 | 95.00 | 0 | 0 | 0.00 | 0.00 |
| Literature - World/Other | 0 | 1 | 2 | 0 | 0 | 116 | 116.00 | 0 | 0 | 0.00 | 0.00 |
| Fine Arts - Other | 0 | 0 | 1 | 0 | -5 | 0.00 | 0 | 0 | 0.00 | 0.00 | |
| History - American | 0 | 0 | 1 | 0 | -5 | 0.00 | 0 | 0 | 0.00 | 0.00 |